banner koha

Cerrados in Argentina? Structure, diversity and biogeography of the woody component of a savanna in the Misiones Province (Registro n. 331836)

MARC details
000 -LÍDER
fixed length control field 03749nab a2200265 i 4500
003 - CÓDIGO MARC DA AGÊNCIA CATALOGADORA
Campo de controle BR-BrBNA
005 - DATA E HORA DA ÚLTIMA ATUALIZAÇÃO
Campo de controle 20250603134642.0
008 - CAMPO DE TAMANHO FIXO
fixed length control field 250531b2018 bl.qr|pooa||| 00| 0 eng |
040 ## - FONTE DA CATALOGAÇÃO
Agência catalogadora BR-BrBNA
Idioma da catalogação eng
072 ## - CATEGORIA AGRIS
Código AGRIS F70
100 ## - ENTRADA PRINCIPAL - NOME PESSOAL
Nome pessoal Velazco, Santiago José Elías
100 ## - ENTRADA PRINCIPAL - NOME PESSOAL
Nome pessoal Galvão, Franklin
100 ## - ENTRADA PRINCIPAL - NOME PESSOAL
Nome pessoal Keller, Héctor Alejandro
100 ## - ENTRADA PRINCIPAL - NOME PESSOAL
Nome pessoal Bedrij, Natalia Alejandra
245 ## - TÍTULO PRINCIPAL
Título principal Cerrados in Argentina? Structure, diversity and biogeography of the woody component of a savanna in the Misiones Province
500 ## - NOTA GERAL
Nota geral Publicação on-line; Bibliography p. 345-349 (102 ref.); 1 table; 6 illus.; Summaries (En, Pt)
942 ## - ADDED ENTRY ELEMENTS (KOHA)
Koha item type Analítica
520 ## - NOTA DE RESUMO
Nota de conteúdo <br/>Abstract <br/>The Teyú Cuaré field, in Misiones province, Argentina, has been renowned for its flora and physiognomy, which led researchers to indicate that it could be a relict of Cerrado biome. We analyzed the floristic structure of the woody component of a savanna community in this site, and discussed the processes that could contribute to the permanence of this vegetation type over time. Perimeter and height of all woody individuals ≥ 10 cm of perimeter at soil height were collected in 12 square plots (400 m2 each one). We found 15 families and 17 species in our site and compared the woody flora surveyed at this site with the flora of other Cerrado areas from Brazil and Paraguay. Leptolobium elegans had the highest importance value. The woody flora of the area is closely related to the Cerrado areas from Paraná state in Brazil and Canindeyú and Amambay in Paraguay. This site probably reflects old open physiognomies which were predominant in Misiones and Southern of Brazil in the late Pleistocene and middle Holocene. We inferred that the permanence of open physiognomies at Teyú Cuaré is probably related to mechanisms that act at different levels, such as geological, edaphic, anthropic, and fire disturbance. <br/>Key words: Leptolobium, Cerrado, fire, phytosociology, relicts. <br/><br/><br/>Resumo <br/>O campo de Teyú Cuaré no departamento de San Ignacio, na província de Misiones, Argentina, tem se destacado pela sua flora e fisionomia, o que levou a pesquisadores a indicar que poderia ser um relicto do bioma Cerrado. Analisou-se a florística e a fitossociologia do componente arbóreo-arbustivo de uma comunidade savânica, discutindo-se os processos que a originaram e contribuem para a permanência desta fitofisionomia. Em 12 parcelas quadradas de 400 m2 foram mensurados o perímetro e a altura de todos os indivíduos lenhosos com perímetro ≥ 10 cm ao nível do solo. Avaliamos a similaridade florística entre a área estudada e outras áreas de Cerrado do Brasil e do Paraguai. No total foram detectadas 15 famílias e 17 espécies, onde Leptolobium elegans foi a de maior importância estrutural. A flora lenhosa da área é mais fortemente associada com as áreas de Cerrado do Paraná e Canindeyú e Amambay no Paraguai. A vegetação do local possivelmente é um reflexo da expansão das fisionomias abertas do Pleistoceno tardio e Holoceno médio, dominantes em parte da província e do Sul do Brasil. A permanência desta unidade campestre provavelmente está relacionada à atuação de mecanismos de natureza geológica, pedológica, antrópica e por perturbações pelo fogo. <br/>Palavras-chave: Leptolobium, Cerrado, fogo, fitossociologia, relictos.<br/>
650 ## - ASSUNTO - THESAGRO
Cabeçalho tópico ou nome geográfico CERRADO
650 ## - ASSUNTO - THESAGRO
Cabeçalho tópico ou nome geográfico FOGO
650 ## - ASSUNTO - THESAGRO
Cabeçalho tópico ou nome geográfico ARGENTINA
773 0# - ENTRADA ANALÍTICA
Host Biblionumber 709
Registro do item 350746
Imprenta Rio de Janeiro-RJ Jardim Botanico do Rio de Janeiro 1935
Outro identificador 2025-3371
Título Rodriguésia (Brazil)
ISSN 0370-6583; 2175-7860 on-line
Colação v. 69(2) p. 335-349; (2018)
Número de controle de registro BR2025001327
856 ## - ACESSO E ENDEREÇO ELETRÔNICO
Identificador uniforme de recurso - URI https://www.scielo.br/j/rod/a/mYktWc358RdvDvmhmtrv77H/?format=pdf&lang=en

Nenhum exemplar disponível.

BINAGRI

Telefone: (61)3218-2567/2388/3357/2097 - binagri@agro.gov.br

Ministério da Agricultura e Pecuária , Esplanada dos Ministérios, Bloco D, Anexo B, Brasília/DF, CEP: 70.043-900